Pedro y el capitán / (Registro nro. 10799)

Detalles MARC
000 -LIDER
fixed length control field 00732nam a22002537a 4500
001 - NÚMERO DE CONTROL
Identificador de número de control 00742
003 - IDENTIFICACDOR DE NÚMERO DE CONTROL
control field DO-SdBNP
005 - DATE AND TIME OF LATEST TRANSACTION
control field 20230512114352.0
007 - CAMPOS FIJOS DE DESCRIPCIÓN FÍSICA
fixed length control field 00742
008 - ELEMENTOS DE LONGITUD FIJA
fixed length control field 160708b2000 mx | 00| 0 spa d
020 ## - ISBN
International Standard Book Number 9789707100077
040 ## - FUENTE DE CATALOGACIÓN
Agencia que crea de manera original el registro BPMSU
Idioma de catalogación spa
Agencia que realiza la transcripción BPMSU
082 #4 - NÚMERO DE CLASIFICACIÓN DECIMAL DE DEWEY
Classification number U862.44
Item number B462P 2000
Edition number 22
100 1# - ASIENTO PRINCIPAL -- NOMBRE PERSONAL
Nombre personal Benedetti, Mario
Fechas asociadas con el nombre 1920-2009
9 (RLIN) 42
245 10 - MENCIÓN DE TITULO
Título Pedro y el capitán /
Mención de responsabilidad Mario Benedetti
260 ## - PUBLICACIÓN, DISTRIBUCIÓN, ETC. (PIE DE IMPRENTA)
Lugar de publicación, distribución, etc México :
Nombre del editor, distribuidor, etc. Punto de Lectura,
Fecha de publicación, distribución, etc 2000.
Fecha de impresión
300 ## - DESCRIPCIÓN FÍSICA
Extensión 105 p. :
Dimensiones 18 cm.
490 0# - MENCIÓN DE SERIES
Mención de serie Punto de lectura,
Volume/sequential designation 48/9
590 ## - NOTA LOCAL
Texto de la nota local Inventariado, 2023/VM
650 #4 - ENCABEZAMIENTO DE MATERIA--TEMÁTICO
Término temático o nombre geográfico como elemento de entrada Literatura dramática uruguaya
Subdivisión geográfica
650 #4 - ENCABEZAMIENTO DE MATERIA--TEMÁTICO
Término temático o nombre geográfico como elemento de entrada Teatro uruguayo
Subdivisión geográfica
910 ## - VALIDACIÓN
Validación BTAVÁREZ/ VMateo V. Control de calidad (BPMSU)
942 ## - ADDED ENTRY ELEMENTS (KOHA)
Source of classification or shelving scheme Dewey Decimal Classification
Koha item type Libros
Existencias
Withdrawn status Lost status Source of classification or shelving scheme Damaged status Not for loan Collection code Home library Current library Date acquired Source of acquisition Full call number Barcode Date last seen Price effective from Koha item type Coded location qualifier Copy number
    Dewey Decimal Classification     Colección General Biblioteca Pública Metropolitana Salomé Ureña Biblioteca Pública Metropolitana Salomé Ureña 07/08/2016 Santillana BPMSU CG U862.44 B462P 2000 BPMSU16070314 07/08/2016 07/08/2016 Libros    
    Dewey Decimal Classification     Colección General Biblioteca Pública Metropolitana Salomé Ureña Biblioteca Pública Metropolitana Salomé Ureña 07/08/2016 Santillana BPMSU CG U862.44 B462P 2000 BPMSU16070315 07/08/2016 07/08/2016 Libros e.2
    Dewey Decimal Classification     Colección General Biblioteca Pública Metropolitana Salomé Ureña Biblioteca Pública Metropolitana Salomé Ureña 07/08/2016 Santillana BPMSU CG U862.44 B462P 2000 BPMSU16070316 07/08/2016 07/08/2016 Libros   e.3